Webster's new twentieth century dictionary of the English language, unabridged : (Record no. 1766)

000 -LEADER
fixed length control field 01088nam a22003137a 4500
001 - CONTROL NUMBER
control field 822241
003 - CONTROL NUMBER IDENTIFIER
control field OSt
005 - DATE AND TIME OF LATEST TRANSACTION
control field 20210421070514.0
008 - FIXED-LENGTH DATA ELEMENTS--GENERAL INFORMATION
fixed length control field 760722s1976 ohua d 000 0 eng
010 ## - LIBRARY OF CONGRESS CONTROL NUMBER
LC control number 76364935
020 ## - INTERNATIONAL STANDARD BOOK NUMBER
International Standard Book Number 0529048523
040 ## - CATALOGING SOURCE
Original cataloging agency DLC
Transcribing agency DLC
Modifying agency DLC
Language of cataloging eng
041 ## - LANGUAGE CODE
Language code of text/sound track or separate title eng
050 00 - LIBRARY OF CONGRESS CALL NUMBER
Classification number PE1625
Item number .W4 1975
080 ## - UNIVERSAL DECIMAL CLASSIFICATION NUMBER
Universal Decimal Classification number 811-3
Item number W-37
082 00 - DEWEY DECIMAL CLASSIFICATION NUMBER
Classification number 423
245 00 - TITLE STATEMENT
Title Webster's new twentieth century dictionary of the English language, unabridged :
Remainder of title based upon the broad foundations laid down by Noah Webster.
250 ## - EDITION STATEMENT
Edition statement 2d ed., extensively rev. /
Remainder of edition statement by the publisher's editorial staff under the general supervision of Jean L. McKechnie.
260 ## - PUBLICATION, DISTRIBUTION, ETC.
Place of publication, distribution, etc. [Cleveland] :
Name of publisher, distributor, etc. Collins+World
Date of publication, distribution, etc. 1976
300 ## - PHYSICAL DESCRIPTION
Extent xiv, 2129, 160 p.
Other physical details ill.
Dimensions 29 cm.
365 ## - TRADE PRICE
Price amount 59.95 usd
650 #0 - SUBJECT ADDED ENTRY--TOPICAL TERM
Topical term or geographic name entry element English language
General subdivision Dictionaries.
650 #0 - SUBJECT ADDED ENTRY--TOPICAL TERM
Topical term or geographic name entry element Dictionary
9 (RLIN) 452
653 ## - INDEX TERM--UNCONTROLLED
Uncontrolled term ლექსიკონი
700 1# - ADDED ENTRY--PERSONAL NAME
Personal name Webster, Noah,
Dates associated with a name 1758-1843.
700 1# - ADDED ENTRY--PERSONAL NAME
Personal name McKechnie, Jean L.
Fuller form of name (Jean Lyttleton),
Dates associated with a name 1925-
906 ## - LOCAL DATA ELEMENT F, LDF (RLIN)
a 7
b cbc
c orignew
d 2
e ncip
f 19
g y-gencatlg
942 ## - ADDED ENTRY ELEMENTS (KOHA)
Source of classification or shelving scheme
Koha item type Books
Holdings
Withdrawn status Lost status Source of classification or shelving scheme Damaged status Not for loan Permanent location Current location Date acquired Inventory number Total Checkouts Full call number Barcode Date last seen Price effective from Koha item type
          Ken Walker International University Ken Walker International University 02/26/2021 1220   811-3 W-37 1220 02/26/2021 02/26/2021 Books

Powered by Koha